000
00232nam a22000977a 4500
003
OSt
008
210118b ||||| |||| 00| 0 eng d
100
_a
Chandra, J
_9
4892
245
_a
Introduction to engineering drawing I
942
_c
BK
999
_c
16676
_d
16676